000 00287 a2200097 4500
001 90854
082 _a297.63 WAH
090 _c43026
_d43026
100 _aAbdul Waheed Khan
245 _aMuhammad Mustafa Sal Lal Laaho Allehi Wa Sallam
_bThe Personality of Allah's Last Messenger
_hAbdul Waheed Khan
942 _k297.63 WAH
999 _c325927
_d325927